000 00432nam a2200157 4500
001 121454
003 ES-MaACL
005 20230906191743.0
007 t|
008 070214s1968 sp r ||||1| spa d
100 1 _aPorcel, Baltasar.
_993114
245 1 0 _aViaje a las Baleares menores /
_cBaltasar Porcel.
260 _aBarcelona :
_bTaber,
_c1968.
300 _a254 p. :
_bil. ;
_c19 cm.
852 _aES-MaACL
_jC-56790
_bR.66400
999 _c121454
_d121454